00463 2200169 4500001002100000008004100021035002000062245005700082100001500139260004500154300002100199020002200220084001400242082000800256650001600264990001300280INLIS000000000001058 ind  a0010-0120001058 aDaun Yang Jatuh Tak Pernah Membenci AngincTere Liye aLiye, Tere aJakarta :bGramedia Pustaka Utama,c2010 a264 hlm.c20 cm. a978-602-033-160-7 a813 LIY d a813 aNovel Fiksi a11900572